Princípy památkového urbanizmu

Gespeichert in:
Bibliographische Detailangaben
Hauptverfasser: Kuča, Karel (Verfasst von), Kučová, Věra (Verfasst von)
Format: Buch
Sprache:Tschechisch
Veröffentlicht: Praha : Státní ústav památkové péče, 2000
Schlagworte:
Tags: Tag hinzufügen
Keine Tags, Fügen Sie das erste Tag hinzu!

MARC

LEADER 00000nam a22000003a 4500
001 stu202045
005 20150617230053.0
008 100408s2000------------------------cze-d
020 |a 80-86234-15-0 
040 |a STU  |b slo 
041 0 |a cze 
100 1 |a Kuča, Karel  |4 aut 
245 1 |a Princípy památkového urbanizmu 
260 |a Praha :  |b Státní ústav památkové péče,  |c 2000 
300 |a 104 s 
500 |a príloha časopisu Zprávy památkové péče, ročník 60 
650 7 |a územné plánovanie  |2 stusub 
650 7 |a ochrana pamiatok  |2 stusub 
700 1 |a Kučová, Věra  |4 aut 
996 |b 284AU04464  |c A*6971  |l AA3130  |s P  |a 0  |w stu202045_0001